quiz - Statistics

General Stats
  • This quiz has been taken 110 times
  • The average score is 13 of 44
Answer Stats
Picture Answer % Correct
Snickers
84%
Ikea
73%
Apple
49%
Coca-cola
49%
Doritos
48%
Gmail
48%
Pepsi
43%
Macdonalds
42%
Adidas
41%
Pringles
40%
Spotify
39%
Nike
36%
Snapchat
34%
Dominos
33%
Samsung
33%
Mastercard
32%
Sprite
32%
Wendys
32%
Skype
31%
Tesla
30%
Toyota
30%
Visa
28%
Netflix
26%
Bic
25%
Pampers
25%
Subway
25%
Gatorade
23%
Nickelodeon
20%
Walmart
19%
Audi
18%
Motorola
18%
Jetpunk
17%
Marvel
17%
Mr Clean
17%
Nerf
17%
Reese
17%
Atari
16%
Rolex
16%
Kellogs
15%
Michelin
15%
NBC
9%
Arm & Hammer
8%
Lululemon
5%
Itunes
3%
No matching quizzes found
Score Distribution
Percent of People with Each Score
Percentile by Number Answered
Your Score History
You have not taken this quiz